000 00765nam a22002295a 4500
005 20161119094611.0
008 161030t2015 maua frb 000 0 eng d
020 _a9780128027318
040 _aEG-ScBUE
_beng
_cEG-ScBUE
_dEG-ScBUE
082 0 4 _a005.8
_bDAL
_222
100 1 _aDalziel, Henry.
245 1 0 _aHow to defeat advanced malware :
_bnew tools for protection and forensics /
_cHenry Dalziel.
260 _aWaltham :
_bSyngress / Elsevier,
_cc.2015.
300 _avi, 43 p. :
_bill. ;
_c24 cm.
504 _aIncludes bibliographical references.
590 _aSuzan Ashmawy
650 7 _aMalware
_xComputer software.
_2BUEsh
650 7 _aComputer networks
_xSecurity measures.
_2BUEsh
651 _2BUEsh
653 _bCOMSCI
_cOctober2016
942 _2ddc
999 _c22915
_d22887